000 00572cam a22002052a 4500
001 000991
003 AR-FADEU
008 311216n1979####xxu####################dd
092 _a330.903 4
_bV393
100 _aVazquez-Presedo, Vicente
245 _aEl caso argentino : Migración de factores, comercio exterior y desarrollo 1875-1914
250 _a3a. ed
260 _aBuenos Aires
260 _bEudeba
260 _c1979
300 _a229 p
440 _aBibl. de economía
650 _aECONOMIA ARGENTINA 1875-1914>GENERACION DEL'80-ECONOMIA
942 _cBDGR
999 _c6831
_d6831